| 000 | 00578cam a22002291 4500 | ||
|---|---|---|---|
| 001 | sa 68007133 | ||
| 003 | DLC | ||
| 005 | 20260227112520.0 | ||
| 008 | 890719s1968 ii b 000 0 hino | ||
| 010 | _asa 68007133 | ||
| 035 | _a(OCoLC)20034289 | ||
| 040 |
_aDLC _cWaU _dDLC |
||
| 042 | _apremarc | ||
| 050 | 0 | 0 |
_aPK1934 _b.B34 |
| 100 | 0 | _aBālamukunda. | |
| 245 | 1 | 0 | _aHindī kṛantaja rūpoṃ kā vikāsa. |
| 260 | _c[1968] | ||
| 300 |
_a16, 176 p. _c19 cm. |
||
| 500 | _aIn Hindi. | ||
| 504 | _aBibliography: p. 174-176. | ||
| 650 | 0 |
_aHindi language _xParticiple. |
|
| 999 |
_c81649 _d81649 |
||